000 01189nam a22003377a 4500
003 CHAP
005 20220329135621.0
008 971013s1986 r 00010 d
010 _a39386
011 _a40358
035 _a44483
040 _cCHAP
090 _aTesis
100 _aRangel González, José Alonso.
_994599
245 _aEnfermedades virosas tipo mosaico del cultivo de la papa (Solanum tuberosum L.) en las zonas productoras del estado de Puebla
260 _aChapingo, Méx. :
_bEl autor,
_c1986
300 _a38 h.
502 _aTesis (Ing. Agr. Esp. en Fitotecnia) -- UACH. Departamento de Fitotecnia
590 _aALEPH
_b10
_c20130110
_lUCH01
_h1307
590 _aBATCH-UPD
_b10
_c20130110
_lUCH01
_h0258
590 _aBATCH-UPD
_b10
_c20130110
_lUCH01
_h2235
590 _aBATCH-UPD
_b10
_c20130410
_lUCH01
_h1530
590 _aBATCH-UPD
_b10
_c20130914
_lUCH01
_h1858
590 _aCONVERSION
_b10
_c20130109
_lUCH01
_h1322
650 1 4 _aPapa
_xEnfermedades por virus.
_985231
650 1 4 _aPapa
_xPuebla.
_985282
901 _aBK
942 _cFOLL
949 _bBC
_cTES
_d-101870
_eTS1
_h27853
_i44483
_si
949 _bBC
_cTES
_d33724000004933
_eTS2
_fc.2
_h27853
_i44483
_si
999 _c39386
_d39386